| 000 | 00756nam a22001937a 4500 | ||
|---|---|---|---|
| 001 | BD-DhSAU 10157 | ||
| 003 | BD-DhSAU | ||
| 005 | 20150626141417.0 | ||
| 008 | 150625b1989 bg ||||r|||| 000 0 ben d | ||
| 040 | _aBD-DhSAU | ||
| 082 |
_222 _a--- _bহকদ্বি |
||
| 100 | _aহক, মুহম্মদ রেজাউল | ||
| 245 |
_aদ্বিতীয় বিশ্বযুদ্ধোত্তর বাংলা উপন্যাস / _cমুহম্মদ রেজাউল হক |
||
| 260 |
_aঢাকা : _bবাংলা একাডেমী, _c১৯৮৯. |
||
| 300 |
_a৩৯৬ পৃ. : _c২২ সেমি |
||
| 590 | _ajoy | ||
| 650 | _aদ্বিতীয় বিশ্বযুদ্ধ | ||
| 942 |
_2ddc _cBOOK |
||
| 999 |
_c10157 _d10156 |
||